书目信息 |
| 题名: |
C# 程序设计与案例教程
|
|
| 作者: | 杨树林 , 胡洁萍 编著 | |
| 分册: | ||
| 出版信息: | 北京 清华大学出版社 2007.08 |
|
| 页数: | 353页 | |
| 开本: | 26cm | |
| 丛书名: | ||
| 单 册: | ||
| 中图分类: | TP311.1 | |
| 科图分类: | ||
| 主题词: | 软件 | |
| 电子资源: | ||
| ISBN: | 978-7-302-15352-8 | |
| 000 | 00658nam0 2200205 450 | |
| 001 | 0855357984 | |
| 005 | 20080228152423.45 | |
| 010 | @a978-7-302-15352-8@dCNY29.00 | |
| 100 | @a20080228d2007 km y0chiy0120 ea | |
| 101 | 0 | @achi |
| 102 | @aCN@b110000 | |
| 200 | 1 | @aC# 程序设计与案例教程@AC#cheng xu she ji yu an li jiao cheng@f杨树林,胡洁萍编著@Fyang shu lin,hu jie ping bian zhu |
| 210 | @a北京@c清华大学出版社@d2007.08 | |
| 215 | @a353页@d26cm | |
| 606 | 0 | @a软件 |
| 690 | @aTP311.1@v4 | |
| 701 | 0 | @a杨树林@Ayang shu lin@4编著 |
| 701 | 0 | @a胡洁萍@Ahu jie ping@4编著 |
| 801 | 0 | @aCN@b大连网信软件有限公司图书馆·11@c20080228 |
| 905 | @aZUCC@dTP311.1@eY270 | |
| C# 程序设计与案例教程/杨树林,胡洁萍编著.-北京:清华大学出版社,2007.08 |
| 353页;26cm |
| ISBN 978-7-302-15352-8:CNY29.00 |
| ● |
| 相关链接 |
|
|
|
正题名:C# 程序设计与案例教程
索取号:TP311.1/Y270
 
预约/预借
| 序号 | 登录号 | 条形码 | 馆藏地/架位号 | 状态 | 备注 |
| 1 | 478488 | 204784885 | 计算机与数据科学学院资料室/ [索取号:TP311.1/Y270] | 在馆 |